| 000 | 00824nam a22002297a 4500 | ||
|---|---|---|---|
| 005 | 20170123162354.0 | ||
| 010 | _aB-070279 | ||
| 020 |
_c250.00 _a8187667370 |
||
| 035 | _aB-070279 | ||
| 037 | _bCen Lib/Ret | ||
| 040 |
_aDPL _bUR |
||
| 082 |
_a920 _bم ح م |
||
| 100 |
_a محمد شميم جراجپورى _9124385 |
||
| 245 |
_a/ كچه يادين كچه باتين _c محمد شميم جراجپورى |
||
| 246 |
_aKuch yāden̲ kuch bāten / _bby Moḥammad Shamīm Jairājpūrī |
||
| 260 |
_aدہلی _bایجوکیشنل پبلشنگ ہاؤس _c2002 |
||
| 270 |
_bدہلی _a3108-گلی عزیزددن وکل کنک پندت لال کاں _e110006 |
||
| 300 |
_a336p. _c21cm(Hb) |
||
| 650 |
_aسوانح حیات _9509 |
||
| 650 |
_aBiography _97490 |
||
| 942 |
_2ddc _cUR _h920 _mم ح م |
||
| 999 |
_c109509 _d109509 |
||